000 00419nam a2200181Ia 4500
001 8087
005 20260306160543.0
008 260306t2007||||xx |||||||||||||| ||spa||
041 _aESP
082 _a370.1
_bM84 2007
100 _aMoore, T .W.
_eAUT
245 0 _aFilosofía de la educación
260 _c2007
300 _a115 páginas :
_c23 cm.
650 _aGEN
654 _aCED
942 _cLIB
_dJUS
_fJUS
_2ddc
_n
999 _c8087
_d8087